| 000 | 00818pam a2200241 a 4500 | ||
|---|---|---|---|
| 001 | 2085761 | ||
| 005 | 20180124073525.0 | ||
| 008 | 950109s1995 nyua b 001 0 eng c | ||
| 010 | _a 95002539 | ||
| 020 | _a0898628490 (acidfree paper) | ||
| 040 |
_aDNLM/DLC _cDLC _dDLC |
||
| 041 | _aeng | ||
| 060 | 0 | 0 | _aWM 171 D5355 1995 |
| 080 | _a616.8527 KOC | ||
| 082 | 0 | 0 |
_a616.8527 KOC _220 |
| 100 | _a48 | ||
| 101 | _aPSI | ||
| 245 | 0 | 0 |
_aDiagnosis and treatment of chronic depression / _cedited by James H. Kocsis, Daniel N. Klein ; foreword by Allen J. Frances. |
| 504 | _aIncludes bibliographical references and index. | ||
| 906 |
_a7 _bcbc _corignew _d1 _eocip _f19 _gy-gencatlg |
||
| 942 |
_2ddc _cBK |
||
| 999 |
_c40859 _d40859 |
||